| 000 | 01073nam a2200313 a 4500 | ||
|---|---|---|---|
| 001 | 24355 | ||
| 003 | CO-ViMGA | ||
| 008 | 141112s2004 ck r 000 u spa d | ||
| 020 | _a9789580496939 | ||
| 040 |
_aCO-ViMGA _bspa _cCO-ViMGA |
||
| 041 | _aSPA | ||
| 090 | _aC DEP1 | ||
| 100 | 1 |
_ade Paola, Tomie, 1934 - _935705 |
|
| 245 | 1 | 0 |
_aLa abuelita de arriba y la abuelita de abajo / _cescrito e ilustrado por Tomie De Paola ; traducido por Mercedes Guhl |
| 250 | _a3a reimpr. | ||
| 260 |
_aBogotá : _bNorma, _c2006 |
||
| 300 | _a32 p. : il. col. : il. | ||
| 490 | _aBuenas noches | ||
| 500 | _aTÃtulo original : Nana Upstairs & Nana Downstairs | ||
| 650 | 1 | 4 |
_aAUTORES ESTADOUNIDENSES _9718 |
| 650 | 1 | 4 |
_aCUENTOS ESTADOUNIDENSES - SIGLO XX _935706 |
| 650 | 1 | 4 |
_aLEER ES MI CUENTO - COLECCION 2011 _935707 |
| 650 | 1 | 4 |
_aLITERATURA INFANTIL ESTADOUNIDENSE _9717 |
| 650 | 1 | 4 |
_aMUERTE - CUENTO _935708 |
| 650 | 1 | 4 |
_aRELACION ABUELA - NIETOS - CUENTO _935709 |
| 700 | 1 |
_ade Paola, Tomie, 1934 - _935705 |
|
| 700 | 1 |
_aGuhl, Mercedes _935710 |
|
| 942 |
_2ddc _cBK |
||
| 999 |
_c2252 _d2252 |
||